Los tets: manual de pruebas psicométricas de inteligencia y aptitudes
Saved in:
| Hovedforfatter: | |
|---|---|
| Format: | Bog |
| Sprog: | spansk |
| Udgivet: |
Buenos Aires
Kapelusz
1948
|
| Udgivelse: | 2a. ed |
| Serier: | Biblioteca de ciencias de la educación
|
| Fag: | |
| Tags: |
Tilføj Tag
Ingen Tags, Vær først til at tagge denne postø!
|
MARC
| LEADER | 00000nam a2200000 a 4500 | ||
|---|---|---|---|
| 001 | UCY6087 | ||
| 003 | CL-VaPUC | ||
| 008 | 950521e19481100AG |||||||||||||||||spa|d | ||
| 082 | 0 | 4 | |a 150.287 |b SZE |2 21 |
| 100 | 0 | |a Székely, Béla |e author |9 335728 | |
| 245 | 1 | 4 | |a Los tets: manual de pruebas psicométricas de inteligencia y aptitudes |
| 250 | |a 2a. ed | ||
| 300 | |a v | ||
| 942 | |c BK | ||
| 945 | |d 19950521 00:00:00 |a mfernand | ||
| 260 | |a Buenos Aires |b Kapelusz |c 1948 | ||
| 650 | 0 | |a Pruebas psicológicas |9 307459 | |
| 650 | 0 | |a Psicometría |9 260694 | |
| 650 | 0 | |a Pruebas de inteligencia |9 307461 | |
| 650 | 0 | |a Aptitud |9 335650 | |
| 650 | 0 | |a Inteligencia |9 267038 | |
| 650 | 7 | |a PRUEBAS DE APTITUD |2 CL-VaPUC |9 307995 | |
| 650 | 7 | |a PRACTICA DE PRUEBAS EDUCACIONALES |2 CL-VaPUC |9 335463 | |
| 583 | |a last modification |c 19950521 00:00:00 |k Rodrigo Vera | ||
| 490 | 0 | |a Biblioteca de ciencias de la educación | |
| 999 | |c 233670 |d 233668 | ||
| 952 | |0 0 |1 0 |4 0 |6 150_287000000000000_SZE_1948 |7 0 |8 A |9 239346 |a BIBEDU |b BIBEDU |d 2019-11-18 |h v.1 |i 1505955 |o 150.287 SZE 1948 |p 1505955 |r 2019-11-18 |w 2019-11-18 |y BK |k EDU | ||
| 952 | |0 0 |1 0 |4 0 |6 150_287000000000000_SZE_1948 |7 0 |8 A |9 239347 |a BIBEDU |b BIBEDU |d 2019-11-18 |h v.1 |i 1505963 |o 150.287 SZE 1948 |p 1505963 |r 2019-11-18 |w 2019-11-18 |y BK |k EDU | ||
| 952 | |0 0 |1 0 |4 0 |6 150_287000000000000_SZE_1948 |7 0 |8 A |9 239348 |a BIBEDU |b BIBEDU |d 2019-11-18 |h v.2 |i 150598K |o 150.287 SZE 1948 |p 150598K |r 2019-11-18 |w 2019-11-18 |y BK |k EDU | ||